000 00667nam a22002177a 4500
003 UA-OsUOA
001 98387
007 ta
008 20130415b un ||||| |||| 00| 0 ukr d
090 _a821.111 (73)
_bП63
942 _cBK
040 _aUA-OsUOA
_bukr
_cUA-OsUOA
_dUA-OsUOA
245 _aПостріли в ресторані Сірано
_bповісті та оповідання американських письменників
300 _a368 с.
955 _a3
041 _aukr
080 _a821.111 (73)
260 _aК.
_bМолодь
_c1985
650 7 _a82 Література. Літературознавство
_2UDC
999 _c384993
_d384993